000 00469ntaaa2200193 4500
003 01
005 20251027202139.0
008 0714s1973 ag 01
040 _aAR-BaBN
_bspa
_cAR-BaBN
_eaacr
_dRIC
082 _a262.1400 Se3
100 _aSegler, Franklin M
_9833
245 _aThe christian layman
250 _a1 ed.
260 _aNashville :
_bBroadman Press,
_cc1964
300 _a128 p
500 _aEl laico cristiano
650 _alaico
_919947
942 _cBK
999 _c16388
_d16388